000 00340nam a2200133Ia 4500
008 191201s2011 xx 000 0 und d
082 _a005.73
_bDIM
100 _aDIXIT, JB
245 0 _aMastering data structures through C Language
250 _aRep
260 _c2011
_bLaxmi Publications
_aNEW DELHI
300 _a624
942 _2ddc
_cBK
_06
999 _c7819
_d7819